=LDR 00000nam 2200000 4500 =001 INLIS000000000039058 =005 20130612144720 =008 ***********************************ind** =035 ##$$0010-061300000039058 =041 ##$$a ind =082 ##$$a 2X4.12 =090 ##$$a 2X4.12, zAM B =100 ##$$a ZAMANI, Zaki =245 ##$$a Buku pintar shalat dan do'a-zikir seumur hidup, Zaki zamani;Penyunting, Naafiah =260 ##$$a 2011 $b Yogyakarta =300 ##$$a 136 Hlm, Ilus, 24 cm =650 ##$$a SHALAT =700 ##$$a NAAFIAH =850 ##$$a NBPNMAT